000 00240nam a2200109Ia 4500
008 190216s9999||||xx |||||||||||||| ||und||
100 _aRadhakrishnan C
245 0 _aChuzhali
260 _bCurrent Books
650 _aMalayalam
942 _cBK
999 _c23810
_d23810